Palmashow - Trouver le nom de la vidéo - Extrême - Statistiques

Statistiques générales
  • Ce quiz a été pris 153 fois
  • Le résultat moyen est 30 sur 240
Statistiques - réponses
Par images Réponse % Correct
Quand c'est la première fois
79%
Les vendeurs Ikea
78%
Quand ils veulent serrer une MILF
52%
La journée radar
49%
Quand ils font des devoirs
43%
This is The Voice
39%
Le drive
38%
Quand on est prof
38%
Quand on est camionneur
37%
Pendant la visite médicale
36%
Ca m'vénère
35%
Quand ils cherchent un prénom
35%
Quand ils sont pharmaciens
35%
Quand on est en prison
35%
Quand on travaille à la Poste
35%
Les monos de ski
34%
Le remaniement
33%
Quand on est au supermarché
33%
Quand on est forain
31%
PLM "Rappeurs Sensibles"
30%
Quand on est Mario et Luigi
29%
Quand on fait du camping
29%
Les résultats du Bac
28%
Parodie Patron Anonyme
28%
Parodie Un diner presque pas mal
26%
Quand ils emménagent
26%
Quand ils font une connerie
26%
Quand ils tentent un truc
26%
Dans un open space
25%
La hotline
25%
La réunion maternelle
25%
Quand ils font un braquage
25%
Quand on est douanier
25%
Quand on fait son coming-out
25%
Quand on passe l'oral d'Histoire-Géo
25%
La journée JAPD
24%
Quand ils sont en garde à vue
24%
Quand on est au Pôle Emploi
24%
Quand on est insomniaque
24%
Thérapie de couples
24%
Le premier p'tit déj
23%
Quand on est terroriste
23%
Quand on est dans les bouchons
22%
La solitude
21%
Le rap de Gaspard et Balthazar
21%
Pendant un accouchement
21%
Les sauveteurs
20%
Quand ils sont figurants
20%
Quand on est chirurgien
20%
The Bobo's "Quinoa"
20%
Cigarette électronique
19%
Le magasin bio
19%
Quand c'est dimanche
19%
Quand ils sont papas
19%
Quand on est stagiaire
19%
Le lundi matin
18%
Quand on est dans le train
18%
Ko Lantah
17%
Le coup de foudre
17%
Parodie Masterchef
17%
Quand ils se font chier
17%
Quand on est à la banque
17%
Quand on est psy
17%
Quand on est livreur de pizza
16%
Quand on est serveur
16%
Quand on passe un entretien d'embauche
16%
Le lendemain de soirée
15%
Le piquet de grève
15%
Le pot de départ
15%
Les préliminaires
15%
Les vendeurs de fringues
15%
L'Hôpital
15%
Pendant la nuit de noces
15%
Pendant le Tour de France
15%
Quand on est Jedi
15%
Pendant un enterrement
14%
Voyage en terre inconnue
14%
Napz x SZH "En Avance"
13%
Quand il est le Ninja
13%
Quand ils sont du FBI
13%
Quand on est au restaurant de luxe
13%
Quand on est de la police
13%
Quand on est pilote d'avion
13%
Quand on est sur S'book
13%
Team building
13%
Les clubs
12%
Passation de pouvoir
12%
Quand ils écrivent une comédie romantique
12%
Quand ils font un enterrement de vie de garçon
12%
Quand on se drogue
12%
Sur la route des vacances
12%
C'est pour un sketch
11%
Dans les toilettes de boîte de nuit
11%
L'assemblée nationale
11%
Les Internets
11%
Parodie L'amour est dans le champ
11%
Parodie Nouvelle Ecole
11%
Quand ils font des papiers
11%
Quand ils font un plan à trois
11%
Quand ils séparent une bagarre
11%
Quand on annonce un décès
11%
Quand on est apôtre
11%
Quand on est le cerveau
11%
Quand on est Power Rangers
11%
Quand on est steward
11%
Quand on joue aux jeux de société
11%
Après le premier baiser
10%
Lartisto ft Lady Djadja "trop de nanana"
10%
La salle d'embarquement
10%
Les génériques
10%
Les messages politiques
10%
Les Paternelles
10%
Les petites victoires
10%
Quand ils ont des voeux
10%
Quand ils se font des films
10%
Quand on est à un speed dating
10%
Quand on est au péage
10%
Quand on vend des téléphones
10%
The Voice Kidou
10%
La Bouteille
9%
La promotion
9%
Les commentaires
9%
Quand il présente sa copine
9%
Quand ils écrivent un méchant
9%
Quand ils se clashent
9%
Quand on dit oui
9%
Quand on divorce
9%
Quand on est mono de colo
9%
Quand on fait du shopping
9%
Quand on fait une soirée électorale
9%
Quand on sort une Punchline
9%
Quand on va à la salle
9%
Solitude 2
9%
Quand on croise l'ex de sa copine
8%
Quand on est présentateur météo
8%
Quand on prend une amende
8%
Startup
8%
Alors qu'en fait
7%
Ce soir dans votre TV
7%
Les agents immobiliers
7%
Les médecines parallèles
7%
Quand on est animateur radio
7%
Quand on est parent d'élève
7%
La grande évasion
6%
Quand ils prennent cher
6%
Quand ils sont tous ensemble
6%
Quand on achète des préservatifs
6%
Quand on est témoin de mariage
6%
Quand on fête Halloween
6%
Conseil de guerre
5%
La Campagne
5%
Le coup du j'ai menti
5%
Les gendarmes à vélo
5%
Les mémoires
5%
Les moments frissons
5%
Le Télétravail
5%
L'histoire de la drague
5%
Quand ils doivent y aller
5%
Quand ils écrivent un Mad Men
5%
Quand ils font tout péter
5%
Quand ils ont un rencard
5%
Quand on déménage
5%
Quand on est animateur de vacances
5%
Quand on est garde de la Reine d'Angleterre
5%
Quand on est présentateur de JT
5%
Quand on fait une comédie musicale
5%
Quand on passe une échographie
5%
Quand on se fait racketter
5%
Quand on tente de reconquérir son ex
5%
Simplement Dan "Besoin de Chanter"
5%
Trois Cafés Sans Filtre "Nostalgiques"
5%
Zapping Netflux
5%
Comment s'écrit une série française
4%
Education nationale
4%
Hitclip Babylone
4%
Le centre commercial
4%
Péloche
4%
Pendant un déjeuner avec sa belle famille
4%
Petites Victoires 2
4%
Quand ils font le Grand Journale
4%
Quand ils sont dans un conte
4%
Quand ils veulent virer leur coloc
4%
Quand on est au ski
4%
Quand on est dans une soirée couples
4%
Quand on est en garde alternée
4%
Quand on est licencié
4%
Quand on est Président de la République
4%
Quand on fête la Saint-Valentin
4%
Quand on rend visite à l'hôpital
4%
Quand on sort de boite
4%
Quand on veut louer un appart'
4%
Rap des prénoms
4%
Au Secours
3%
Le départ en vacances
3%
Marc Lamoine "Eternel"
3%
Parodie Recherche appartement
3%
Quand ils marchent sur la lune
3%
Quand ils montent un groupe
3%
Quand on annonce son mariage
3%
Quand on cherche un cadeau de Noël avec Les Inconnus
3%
Quand on drague une fille
3%
Quand on est ruiné
3%
Quand on est Super Héros
3%
Quand on part en soirée
3%
Quand on passe une audition
3%
Quand on prend l'ascenseur
3%
Quand on rencontre son ex
3%
Quand on répond à un enfant
3%
Quand on vend des baskets
3%
Quand on veut rentrer en boite
3%
Quand on veut rompre
3%
Evolution de la photo
2%
Le cinéma réglementé
2%
Le jour de l'an
2%
Le premier jour
2%
Pub Ok Gogole
2%
Quand ils sont à la porte
2%
Quand on écrit un Very Bad Blague
2%
Quand on fait ses adieux
2%
Quand on loue des voitures
2%
Quand on présente sa copine à ses potes
2%
Quand on veut une augmentation
2%
A l'entrée d'une soirée
1%
Le plus vieux gag du monde
1%
Quand on dit ses derniers mots
1%
Quand on est animateur d'anniversaire
1%
Quand on est baby sitter
1%
Quand on est en thérapie de groupe
1%
Quand on est homme préhistorique
1%
Quand on est révolté
1%
Quand on perd les eaux
1%
Le matin de Noël
0%
L'Homme moderne et les inventions
0%
Quand on délivre une princesse
0%
Quand on est les experts Miami
0%
Quand on est une chaîne d'info
0%
Quand on remonte un film
0%
Quand on rentre avec une fille
0%
Quand on sort du ciné
0%
True Detective
0%
Aucun quiz correspondant
Distribution des résultats
% des personnes avec chaque résultat
Percentile par nombre de réponses
Votre historique - résultats
Vous n’avez pas pris ce quiz